00483nam a2200145Ia 4500008004100000041000800041082001800049100002100067245003500088260002800123300003200151365001100183999001700194952012600211240624s9999 xx 000 0 und d aeng a658.15224 MAR aMARNEY JOHN PAUL aCORPORATE FINANCE FOR BUSINESS c2011aNew DelhibOxford axxii, : 480 : p. : cm. ; 26 cRSb31 c24874d24874 00104070aIMTNbIMTNcRack 25-Ad2015-09-30eWBDg1250.00o658.15224 MARp24874r2024-06-24 00:00:00t1w2024-06-24yBK